[Event "Kosovo-chT"]
[Site "Pristina"]
[Date "2021.05.16"]
[Round "2.2"]
[White "Arben, Avdiu"]
[Black "Kollari, Sulejman"]
[Result "1/2-1/2"]
[WhiteElo "2031"]
[BlackElo "2011"]
[PlyCount "38"]
[EventDate "2021.05.15"]
[EventType "team-tourn"]
[EventRounds "7"]
[EventCountry "KOS"]
[SourceTitle "CBM 202 Extra"]
[Source "ChessBase"]
[SourceDate "2021.07.31"]
[SourceVersion "1"]
[SourceVersionDate "2021.07.31"]
[SourceQuality "1"]
[WhiteTeam "Prishtina"]
[BlackTeam "Vellaznimi"]
[WhiteTeamCountry "KOS"]
[BlackTeamCountry "KOS"]

1. e4 c5 2. Nf3 d6 3. d4 cxd4 4. Nxd4 Nf6 5. Nc3 a6 6. f3 e5 7. Nb3 Be6 8. Be3 Be7 9. g4 d5 10. exd5 Nxd5 11. Nxd5 Qxd5 12. Qxd5 Bxd5 13. Be2 Nc6 14. 0-0-0 0-0-0 15. Kb1 b5 16. Nd2 Nd4 17. Bxd4 exd4 18. a4 bxa4 19. Bxa6+ Kc7 1/2-1/2

[Event "EU-Cup 29th"]
[Site "Rhodes"]
[Date "2013.10.20"]
[Round "1.3"]
[White "Bosboom, Manuel"]
[Black "Arben, Avdiu"]
[Result "0-1"]
[WhiteElo "2390"]
[BlackElo "1967"]
[PlyCount "86"]
[EventDate "2013.10.20"]
[EventType "team-swiss"]
[EventRounds "7"]
[EventCountry "GRE"]
[SourceTitle "CBM 157"]
[Source "ChessBase"]
[SourceDate "2013.11.12"]
[SourceVersion "1"]
[SourceVersionDate "2013.11.12"]
[SourceQuality "1"]
[WhiteTeam "En Passant"]
[BlackTeam "Istogu"]
[WhiteTeamCountry "NED"]
[BlackTeamCountry "SRB"]

1. d4 Nf6 2. Nf3 g6 3. Bf4 Bg7 4. e3 d5 5. Bd3 0-0 6. h3 c5 7. c3 Nc6 8. Nbd2 Nd7 9. 0-0 e5 10. dxe5 Ndxe5 11. Bc2 Be6 12. Ng5 Qb6 13. Bxe5 Nxe5 14. f4 Nc4 15. Nxc4 dxc4 16. Rb1 f5 17. e4 h6 18. Nxe6 Qxe6 19. Qf3 b5 20. exf5 gxf5 21. Rbe1 Qd6 22. Bxf5 Rae8 23. Rxe8 Rxe8 24. Qg4 b4 25. Rd1 Qf6 26. Kh2 Kf8 27. Bg6 Re6 28. Rd8+ Ke7 29. Re8+ Kd6 30. Rg8 Qxg6 31. Rxg7 Qxg4 32. Rxg4 Re2 33. f5 Rxb2 34. Rxc4 Kd5 35. Rf4 bxc3 36. f6 c2 37. f7 Rb8 38. Rf1 Kd4 39. Kg3 Rf8 40. h4 Rxf7 41. Rxf7 c1Q 42. Rxa7 c4 43. Rd7+ Ke5 0-1

[Event "EU-Cup 22nd"]
[Site "Fuegen"]
[Date "2006.10.13"]
[Round "6.5"]
[White "Stanford, Sheila Barth"]
[Black "Arben, Avdiu"]
[Result "1-0"]
[WhiteElo "2192"]
[BlackElo "2000"]
[PlyCount "77"]
[EventDate "2006.10.08"]
[EventType "team-swiss"]
[EventRounds "7"]
[EventCountry "AUT"]
[SourceTitle "CBM 115"]
[Source "ChessBase"]
[SourceDate "2006.11.15"]
[SourceVersion "1"]
[SourceVersionDate "2006.11.15"]
[SourceQuality "1"]
[WhiteTeam "Asker"]
[BlackTeam "Istogu"]
[WhiteTeamCountry "NOR"]
[BlackTeamCountry "KOS"]

1. e4 c5 2. Nf3 Nc6 3. d4 cxd4 4. Nxd4 g6 5. f4 d6 6. Nc3 Bg7 7. Nf3 Nh6 8. Bd3 0-0 9. 0-0 a6 10. a4 Qa5 11. Qe1 f5 12. Kh1 Kh8 13. Bd2 Bd7 14. Ng5 e6 15. Nb5 Qd8 16. Nxd6 b6 17. Bc3 e5 18. Qh4 Qe7 19. Nc4 Rab8 20. Rae1 b5 21. axb5 axb5 22. Nxe5 Nxe5 23. exf5 Bxf5 24. Rxe5 Bxe5 25. Bxe5+ Kg8 26. Qxh6 Bxd3 27. cxd3 Rb7 28. Nf3 Rf5 29. Qh3 Qd7 30. Nd4 Rf7 31. Qxd7 Rfxd7 32. Rc1 Rd8 33. Kg1 h6 34. Kf2 Kh7 35. Ke3 Rbd7 36. Ke4 h5 37. Rc5 Ra8 38. Rxb5 g5 39. fxg5 1-0

[Event "EU-Cup 22nd"]
[Site "Fuegen"]
[Date "2006.10.09"]
[Round "2.5"]
[White "Arben, Avdiu"]
[Black "Nieminen, Kari"]
[Result "1-0"]
[WhiteElo "2000"]
[BlackElo "2197"]
[PlyCount "111"]
[EventDate "2006.10.08"]
[EventType "team-swiss"]
[EventRounds "7"]
[EventCountry "AUT"]
[SourceTitle "CBM 115"]
[Source "ChessBase"]
[SourceDate "2006.11.15"]
[SourceVersion "1"]
[SourceVersionDate "2006.11.15"]
[SourceQuality "1"]
[WhiteTeam "Istogu"]
[BlackTeam "Espoo"]
[WhiteTeamCountry "KOS"]
[BlackTeamCountry "FIN"]

1. e4 c5 2. Nf3 d6 3. d4 cxd4 4. Nxd4 Nf6 5. Nc3 Nc6 6. Bg5 e6 7. Qd2 Be7 8. 0-0-0 Qb6 9. Be3 Ng4 10. Nxc6 Nxe3 11. Nxe7 Nxd1 12. Na4 Qxf2 13. Qxd6 Qe3+ 14. Kxd1 Qg5 15. Nxc8 Rxc8 16. Bd3 a6 17. g3 h5 18. Qf4 Qa5 19. Nc3 f6 20. Re1 Qe5 21. Qxe5 fxe5 22. h4 Rf8 23. Ke2 Ke7 24. a4 Rf6 25. Rf1 Rcf8 26. Rxf6 Kxf6 27. Kf3 g5 28. hxg5+ Kxg5+ 29. Kg2 h4 30. gxh4+ Kxh4 31. a5 Kg4 32. Na4 Kf4 33. Kf2 Rh8 34. Nc5 Rh2+ 35. Kg1 Rh7 36. Nxe6+ Ke3 37. Nc5 Kd4 38. Ne6+ Ke3 39. Kg2 Re7 40. Nc5 Kd4 41. Nb3+ Ke3 42. Kg3 Rg7+ 43. Kh4 Kf4 44. Kh5 Rc7 45. Nd2 Rc6 46. Nc4 Re6 47. Nb6 Ke3 48. Kg5 Kd4 49. Bc4 Rc6 50. c3+ Kc5 51. Bd5 Rc7 52. Kf6 Rh7 53. Kxe5 Kb5 54. Nc4 Kc5 55. b4+ Kb5 56. Nd6+ 1-0